The new high-tech manager six rules for success in changing times / (Record no. 347560)
[ view plain ]
| 000 -LEADER | |
|---|---|
| fixed length control field | 01554 a2200205 4500 |
| 020 ## - INTERNATIONAL STANDARD BOOK NUMBER | |
| International Standard Book Number | 0890069263 (hardcover) |
| 020 ## - INTERNATIONAL STANDARD BOOK NUMBER | |
| International Standard Book Number | 9780890069264 (hardcover) |
| 082 04 - DEWEY DECIMAL CLASSIFICATION NUMBER | |
| Classification number | 658 |
| 090 ## - LOCALLY ASSIGNED LC-TYPE CALL NUMBER (OCLC); LOCAL CALL NUMBER (RLIN) | |
| -- | 5140 |
| -- | 5140 |
| 100 1# - MAIN ENTRY--PERSONAL NAME | |
| Personal name | Durham, Kenneth. |
| 245 14 - TITLE STATEMENT | |
| Title | The new high-tech manager six rules for success in changing times / |
| Statement of responsibility, etc. | Kenneth Durham, Bruce Kennedy. |
| 260 ## - PUBLICATION, DISTRIBUTION, ETC. | |
| Place of publication, distribution, etc. | [S.l.] : |
| Name of publisher, distributor, etc. | Artech House Publishers, |
| Date of publication, distribution, etc. | 1997. |
| 300 ## - PHYSICAL DESCRIPTION | |
| Extent | 220 p. ; |
| Dimensions | 24 cm. |
| 490 1# - SERIES STATEMENT | |
| Series statement | Artech house technology management and professional development library. |
| 520 ## - SUMMARY, ETC. | |
| Summary, etc. | The New High-Tech Manager: Six Rules for Success in Changing Times helps current and aspiring high-technology executives "get back to management basics" and rediscover the solid, timeless leadership skills needed to successfully lead a business into the next century. The book shows how to combine proven-under-fire management methods with technical training, why management fads and "quick fix" remedies just don't work, and provides six fundamental guidelines to follow for effective management: profit fixation; technical literacy; change dynamics insight; policy and procedure comprehension; decision theory knowledge; and character duality. The book is filled with helpful tips on how managers can use these six principles in solving everyday problems in the workplace. |
| 700 1# - ADDED ENTRY--PERSONAL NAME | |
| Personal name | Kennedy, Bruce. |
| 830 #0 - SERIES ADDED ENTRY--UNIFORM TITLE | |
| Uniform title | Artech house technology management and professional development library. |
| 856 40 - ELECTRONIC LOCATION AND ACCESS | |
| Materials specified | Amazon.com |
| Uniform Resource Identifier | <a href="http://www.amazon.com/exec/obidos/ASIN/0890069263/chopaconline-20">http://www.amazon.com/exec/obidos/ASIN/0890069263/chopaconline-20</a> |
| 942 ## - ADDED ENTRY ELEMENTS (KOHA) | |
| Institution code [OBSOLETE] | NBS |
| Koha item type | Book |
| Call number prefix | 658 DUR |
| Withdrawn status | Lost status | Damaged status | Not for loan | Permanent Location | Current Location | Date acquired | Total Checkouts | Full call number | Barcode | Date last seen | Price effective from | Koha item type |
|---|---|---|---|---|---|---|---|---|---|---|---|---|
| Central Library (CL) | Central Library (CL) | 08/28/2013 | 658 DUR | NBSD-363 | 05/18/2016 | 08/28/2013 | Book |
